| 000 | 01228nam a22003017a 4500 | ||
|---|---|---|---|
| 001 | 4450 | ||
| 003 | FISKH | ||
| 005 | 20240910111008.0 | ||
| 008 | 240910b cb ||||| |||| 00| 0 eng d | ||
| 020 | _a9780007914821 | ||
| 040 |
_aFISKH _beng _cFISKH _dFISKH |
||
| 050 | _aPZ7 | ||
| 082 | _2823.914 | ||
| 100 |
_aMorpurgo, Michael _d1943- |
||
| 245 |
_aCockadoodle-doo, mr sultana! / _cMichael Morpurgo Illustrated by Shoo Rayner |
||
| 250 | _aPublished in 2012 | ||
| 260 |
_aLondon : _bHarperCollins , _c2012. |
||
| 300 |
_a94 pages : _billustrations ; _c20 cm |
||
| 505 | _aR | ||
| 520 | _aA rich and greedy sultan meets his match in a VERY cheeky little red rooster... Hilariously wacky tale by bestselling author of War Horse. The rich and greedy sultan loves his jewels more than anything, so when he loses a diamond button he is furious! Especially as a naughty little red rooster seems determined to keep it... A marvellously funny tale by master storyteller, Michael Morpurgo. | ||
| 521 | 8 |
_a770L
_bLexile |
|
| 521 | 8 |
_aR
_bRaz-Plus |
|
| 650 |
_2Fiction _aDonation _vPicture book |
||
| 650 |
_2Student _aBeginning Level |
||
| 700 |
_aRayner, Shoo _dIllustrator |
||
| 942 |
_2ddc _cBK _n0 |
||
| 999 |
_c4450 _d4450 |
||